000 00307nam a22001337a 4500
008 170621b xxu||||| |||| 00| 0 eng d
020 _a9780671657222
041 _aeng
080 _a32
100 _a20
101 _aSHP
245 _aNIXON/ THE EDUCATION OF A POLITICIAN
_cAMBROSE, S.E
942 _2udc
_cBK
999 _c18472
_d18472